Guess the Chinese 电 (electricity) words - Statistics

General Stats
  • This quiz has been taken 157 times
  • The average score is 10 of 16
Answer Stats
Hint Answer % Correct
brain
90%
电脑 computer
90%
电话 telephone
88%
sight
87%
words
84%
电视 television
82%
road / path
77%
电梯 lift / escalator
74%
ladder
66%
strength
59%
flow
52%
电力 electric power
47%
thing / matter
45%
电子 electron
44%
电流 electric current
34%
电路 electric circuit
23%
No matching quizzes found
Score Distribution
Percent of People with Each Score
Percentile by Number Answered
Your Score History
You have not taken this quiz